Farmakoterapia nesteroidnými antiflogistikami v gravidite a laktácii

Bibliographic Details
Main Authors: Kriška, Milan, 1940- (Author), Kristová, Viera, 1950- (Author), Rybár, Ivan, 1954- (Author), Rovenský, Jozef, 1943-2024 (Author), Sirotiaková, Jana (Author)
Format: Article
Language:Slovak
PhysicalDescription:Obr., tab.
Subjects:

MARC

LEADER 00000nab a2200000 a 4500
001 vtls000664483
003 SK-MaSNL
005 20260304101830.0
008 250425c1998 xo 0 slo
015 |a SNBRB1998/06-15701 
035 |a CLN000016669 
035 |a urn:nbn:sk:snk-ab34fj 
035 |a (urnnbn)urn:nbn:sk:snk:ar-a05uyq 
035 |a (uuid)395a22b5-aa92-4fe0-93bc-b4b391d0bcb0 
040 |a SNKBUCL  |b slo  |c SNKBUCL  |e AACR2 
041 0 |a slo 
044 |a xo  |c SK 
080 |a 618.2:615.276  |2 1997 
080 |a 615.276  |2 1997 
245 0 0 |a Farmakoterapia nesteroidnými antiflogistikami v gravidite a laktácii  |c Mialn Kriška ... [et al.] 
300 |b Obr., tab. 
504 |a Res. angl., slov. Bibliogr. odkazy 
650 0 7 |a nesteroidné antiflogistiká  |2 snkbucl  |9 188973 
650 0 7 |a gravidita  |x antiflogistiká nesteroidné  |2 snkbucl  |9 1397942 
650 0 7 |a laktácia  |x antiflogistiká nesteroidné  |2 snkbucl  |9 1397943 
655 7 |a články z novín a časopisov  |2 snkbucl  |9 267496 
700 1 |a Kriška, Milan,  |d 1940-  |4 aut  |9 207645 
700 1 |a Kristová, Viera,  |d 1950-  |4 aut  |9 214067 
700 1 |a Rybár, Ivan,  |d 1954-  |4 aut  |9 215186 
700 1 |a Rovenský, Jozef,  |d 1943-2024  |4 aut  |9 189097 
700 1 |a Sirotiaková, Jana  |4 aut  |9 12559 
773 0 |t Praktická gynekológia  |g Roč. 5, č. 2 (1998), s. 45-53 
850 |a Slovenská národná knižnica 
852 |a Slovenská národná knižnica 
954 |a odborná, vedecká literatúra pôvodná (slovenská)  |2 lita 
958 |a article27 
958 |a NB 
958 |a OND 
958 |a EUIPO 
999 |c 2842870  |d 2844800